000 00548nam a2200145Ia 4500
003 GCL
008 140319s9999 xx 000 0 ara d
040 _aGCL /
_cGCL
082 0 4 _a301.241
_bم ت
100 1 _aمحمود عوده
245 1 0 _aالتفاعل الثقافى بين مصر ومجتمعات الخليج العربى: دراسة فى الثقافة والمجتمع /
_cمحمود عوده
700 1 _aمنى السيد حافظ عبدالرحمن
300 _a486 ص
490 _aالهيئة العامة للاستعلامات
_v0
999 _c49310
_d49310